عرض عادي
عرض مارك
- Poulsen, Erik B.
مدخل إسم شخص
001 - رقم الضبط
- حقل الضبط: 4741
003 - معرف رقم الضبط
- حقل الضبط: OSt
005 - تاريخ ووقت أخر عملية
- حقل الضبط: 20110921010647.0
008 - عناصر بيانات ثابتة الطول
- حقل تحكم ثابت الطول: 110921|||a|||||| | ||| d
040 ## - مصدر الفهرسة
- هيئة الفهرسة الأصلية: OSt
- وكالة الكتابة: OSt
100 ## - مدخل -- أسم شخص
- إسم شخص: Poulsen, Erik B.
670 ## - بيانات المصدر موجوده
- الاستشهاد بالمصدر: Work cat.: (OSt)814: Matthews, Martin S. 4703, Microsoft Office FrontPage 2003 :, c2003.
